000 02167nam0a2200337 4500
001 RU\NLR\bibl\13481
005 20260405081737.0
021 _aRU
_b98-30762
_91456
035 _a(NLR Aleph) 000013148
090 _a50564
_c50564
100 _a19990212d1998 |||y0rusy50 ca
101 0 _arus
102 _aRU
105 _ae |||||||||
200 1 _aВодное хозяйство гальванического производства
_eУчеб. пособие для студентов по спец. 2503 "Технология электрохим. пр-в"
_fС.С. Виноградов, С.Н. Виноградов
_gМ-во общ. и проф. образования, Пенз. гос. ун-т
210 _aПенза
_cИзд-во Пенз. гос. ун-та
_d1998
215 _a142 с.
_cсхем.
_d20
320 _aБиблиогр.: с. 142
606 0 _aГальванические цехи
_jРуководства, пособия и т.п. для высшей школы
_xВодное хозяйство
_91352968
_3RU\NLR\auth\66250626
606 0 _aГальванические цехи
_jУчебные издания для высшей школы
_xВодное хозяйство
_91352968
_3RU\NLR\auth\66250626
606 0 _aГальванические цехи
_jРуководства, пособия и т.п. для высшей школы
_xСточные воды
_xОчистка
_91355758
_3RU\NLR\auth\66252135
606 0 _aГальванические цехи
_jУчебные издания для высшей школы
_xСточные воды
_xОчистка
_91355758
_3RU\NLR\auth\66252135
686 _aК663.054.1-43я73-1
700 1 _4070
_8rus
_7ca
_aВиноградов
_bС. Н.
_f1932-
_cд-р техн. наук, электрохимия
_gСтанислав Николаевич
_3RU\NLR\auth\7725317
_98366
701 1 _4070
_8rus
_7ca
_aВиноградов
_bС.С.
_cд-р техн. наук
_gСергей Станиславович
_3RU\NLR\auth\7728574
_911605
801 0 _aRU
_bNLR
_c19990212
_gPSBO
801 1 _aRU
_bNLR
_c19990212
830 _aАвт. по кн.
852 _aNLR
_j98-3/9461
942 _cBOOK
980 _aNB